000 01009nam a2200313 i 4500
001 C2-0279271
003 PPAK
005 20240619104305.0
008 070424s2004 my a e | 1 eng d
020 _a9676906603
_qpaperback
040 _aPPAK
_beng
_cPPAK
_erda
082 0 4 _223
_a303.3409595
090 0 0 _a303.3409595
_bISM
_dG
090 2 0 _a303.3409595
_bISM
_dKK
090 2 0 _a303.3409595
_bISM
_dKZR
100 0 _aIsmail Noor,
_eauthor.
245 1 0 _aEmpowerment :
_bThe Role of the Citizens /
_cauthored by ISMAIL NOOR, edited by ELINA NOOR
264 1 _aBatu Caves, Selangor :
_bThinker's Library,
_c2004
300 _aix, 150 pages :
_billustrations ;
_c25 cm
336 _2rdacontent
_atext
337 _2rdamedia
_aunmediated
338 _2rdacarrier
_avolume
500 _aIncludes index
504 _aBibliography: 139-140
650 1 0 _aLeadership
_zMalaysia
651 0 _aMalaysia
_vPolitics and government
700 0 _aElina Noor,
_eeditor.
942 _cB
_2ddc
999 _c85958
_d85958